000 00887nam a2200313 a 4500
001 vtls001375388
003 NLI
005 20210627110719.0
008 120628s1926 enk 001 0 eng
039 9 _y201206281841
_zVLOAD
040 _aNLI
_beng
_cDatasoft_IMP
_eAACR2
041 1 _aeng
_hgrc
044 _a enk
084 _a156
100 0 _aEpicurus
_9799754
240 1 0 _aWorks .
_f1926.
_lEnglish & Greek
245 1 0 _aEpicurus, the extant remains /
_ctranslated by Cyril Bailey
260 _aOxford :
_bClarendon Press,
_c1926
300 _a432 p. :
_bfront. ;
_c23 cm.
500 _aEnglish and Greek
500 _aIncludes index
500 _aTranslation of: Works
650 0 _aLatin literature
700 1 _aBailey, Cyril,
_d1871-1957,
_4trl
_9865467
887 _a
901 _aIMP105943
_b23.12.2010
902 _a156 H 399
999 _aVIRTUA40
_c841925
_d841925
942 _2ddc
_cBKS